Central Library OPAC University of Rajshahi

Nasser : (Record no. 63224)

MARC details
000 -LEADER
fixed length control field 00828nam a2200277 a 4500
001 - CONTROL NUMBER
control field 63224
003 - CONTROL NUMBER IDENTIFIER
rucl marc code BD-RjUL
005 - DATE AND TIME OF LATEST TRANSACTION
control field 20211209081154.0
008 - FIXED-LENGTH DATA ELEMENTS--GENERAL INFORMATION
fixed length control field 170129s1973 nyub b 001 0beng d
035 ## - SYSTEM CONTROL NUMBER
System control number (BD-RjUL)63353
System control number (OCoLC)00297027
System control number GLIS00171154
040 ## - CATALOGING SOURCE
Original cataloging agency DLC
Transcribing agency DLC
Modifying agency m.c.
-- BD-RjUL
Language of cataloging eng
041 ## - LANGUAGE CODE
Language code of text/sound track or separate title eng
082 ## - DEWEY DECIMAL CLASSIFICATION NUMBER
Classification number 962.050924
Author mark and year STN 1973
099 ## - LOCAL FREE-TEXT CALL NUMBER (OCLC)
Bangla Class number DT107.83.S835
100 1# - MAIN ENTRY--PERSONAL NAME
Personal name Stephens, Robert Henry,
Dates associated with a name 1920-
9 (RLIN) 188179
245 10 - TITLE STATEMENT
Title Nasser :
Remainder of title a political biography /
Statement of responsibility, etc. [by] Robert Stephens.
260 ## - PUBLICATION, DISTRIBUTION, ETC. (IMPRINT)
Place of publication, distribution, etc. New York,
Name of publisher, distributor, etc. Simon and Schuster
Date of publication, distribution, etc. 1973
300 ## - PHYSICAL DESCRIPTION
Pagination 631 p. :
Illustrations ill. ;
Size 23 cm.
504 ## - BIBLIOGRAPHY, ETC. NOTE
Bibliography, etc Bibliography: p. [599]-607.
600 10 - SUBJECT ADDED ENTRY--PERSONAL NAME
Personal name Nasser, Gamal Abdel,
Dates associated with a name 1918-1970.
651 #0 - SUBJECT ADDED ENTRY--GEOGRAPHIC NAME
Geographic name Egypt
General subdivision History
Chronological subdivision 1952-1970.
9 (RLIN) 188181
942 ## - ADDED ENTRY ELEMENTS (KOHA)
Source of classification or shelving scheme Dewey Decimal Classification
Koha item type Books
Holdings
Lost status Source of classification or shelving scheme Damaged status Not for loan Collection code Permanent Location Current Location Shelving location Date acquired Source of acquisition Total Checkouts Full call number Date last seen Copy number Koha item type
  Dewey Decimal Classification   Not For Loan Non-fiction Central Library, University of Rajshahi Central Library, University of Rajshahi Reading Room   Samsunnahar   962.050924 STN 1973 29/01/2017 C-1 Books